000 00326nam a2200133Ia 4500
008 240624s9999 xx 000 0 und d
041 _aeng
082 _a658.15 MAD
100 _aMADDEN BARTLEY J
245 _aWEALTH CREATION A SYSTEMS MINDSET FOR BU
260 _c2010
_aTerm
_bWiley
300 _a178 , p.
365 _c
_b28
999 _c28863
_d28863